Normal view MARC view

Entry Topical Term

Number of records used in: 5

001 - CONTROL NUMBER

  • control field: 34614

003 - CONTROL NUMBER IDENTIFIER

  • control field: OSt

005 - DATE AND TIME OF LATEST TRANSACTION

  • control field: 20231221094857.0

008 - FIXED-LENGTH DATA ELEMENTS

  • fixed length control field: 231221|| aca||aabn | a|a d

040 ## - CATALOGING SOURCE

  • Original cataloging agency: OSt
  • Transcribing agency: OSt

150 ## - HEADING--TOPICAL TERM

  • Topical term or geographic name entry element: အထိမ်းအမှတ်စာစောင်

670 ## - SOURCE DATA FOUND

  • Source citation: Work cat.: (OSt)27865: တင်ဝင်းအောင်။ 28867, ရတနာပန်းကုံးကျောင်းတိုက်(၁၀)နှစ်ပြည့် အထိမ်းအမှတ်စာစောင် (2008 - 20180) /, ၂၀၁၉။

Library - 09407999929
Admin Office - 09407999979
Dean Office - 09250910768
Registrar Office - 09892297154
Email - [email protected]
Shan State Buddhist University, Phaya Phyu Taunggyi, Shan State, Myanmar.